Riadenie kvadrupólových šošoviek v prostredí lineárného urýchľovača
Saved in:
| Main Author: | |
|---|---|
| Other Authors: | |
| Format: | Manuscript Book |
| Language: | Slovak |
| Published: |
Bratislava :
STU v Bratislave FEI,
2002
|
| Subjects: | |
| Tags: |
No Tags, Be the first to tag this record!
|
MARC
| LEADER | 00000ntm a22000003a 4500 | ||
|---|---|---|---|
| 001 | stu78866 | ||
| 005 | 20160719164742.2 | ||
| 008 | 030130s2002------------------------slo-d | ||
| 040 | |a STU |b slo | ||
| 041 | 0 | |a slo | |
| 100 | 1 | |a Jezsó, Jaroslav |4 aut | |
| 245 | 1 | |a Riadenie kvadrupólových šošoviek v prostredí lineárného urýchľovača | |
| 260 | |a Bratislava : |b STU v Bratislave FEI, |c 2002 | ||
| 300 | |a 34 s |c príl. | ||
| 650 | 7 | |a Elektroenergetické a silnoprúdové inžinierstvo |2 stusub | |
| 700 | 1 | |a Kováč, Peter |4 ths | |